000 00728nam a2200241Ia 4500
003 OSt
005 20220926011829.0
006 a|||||r|||| 00| 0
007 ta
008 220923b |||||||| |||| 00| 0 eng d
037 _cGeneral Book
040 _aRTL
_cRTL
_beng
041 _2eng
_aeng
082 _aX:82.73.N7, L4
100 _aBerghash Robert
_9315029
245 0 _aInvestment in people
_b A small business perspectiv
260 _aNew York
_bAMACOM USA
_c1974
300 _a26p. Bibliography p 26
_ccm.
500 _aAmerican Management Association Management Briefing
650 _aTop Management
942 _hX:82.73.N7, L4
_cGB
_2CC
999 _c621083
_d621083